| 000 | 00624nam a2200241Ia 4500 | ||
|---|---|---|---|
| 003 | OSt | ||
| 005 | 20221007071030.0 | ||
| 006 | a|||||r|||| 00| 0 | ||
| 007 | ta | ||
| 008 | 221006b |||||||| |||| 00| 0 eng d | ||
| 024 | _a30,841 | ||
| 037 | _cTextual | ||
| 040 |
_aFLL _cFLL _beng |
||
| 041 |
_2eng _aeng |
||
| 082 | _aZ2,3, P6 | ||
| 100 |
_aSaharay H.K.(Rev.) _9688012 |
||
| 245 | 0 | _aDutt on contract | |
| 250 | _a10th | ||
| 260 |
_aKolkata _bEastern Law House Pvt. Ltd. India _c2006 |
||
| 300 |
_a111,1036p _ccm. |
||
| 942 |
_hZ2,3, P6 _cTEXL _2CC |
||
| 999 |
_c1142221 _d1142221 |
||